[Event "Pinneberg-ch"]
[Site "Pinneberg"]
[Date "2015.10.01"]
[Round "6"]
[White "Berking, Bernhard"]
[Black "Oelrichs, Manfred"]
[Result "0-1"]
[WhiteElo "1340"]
[BlackElo "1553"]
[PlyCount "114"]
[EventDate "2015.08.28"]
[EventType "swiss"]
[EventRounds "7"]
[EventCountry "GER"]
[SourceTitle "EXT 2017"]
[Source "ChessBase"]
[SourceDate "2016.10.25"]
[SourceVersion "1"]
[SourceVersionDate "2016.10.25"]
[SourceQuality "1"]

1. c4 g6 2. Nc3 f5 3. g3 Nf6 4. Bg2 c6 5. Nf3 Bg7 6. 0-0 d6 7. d4 0-0 8. b3 Qc7 9. Bf4 Nh5 10. Bd2 e5 11. dxe5 dxe5 12. e3 Na6 13. Rb1 e4 14. Nd4 Rd8 15. Nce2 Nc5 16. f3 exf3 17. Bxf3 Nf6 18. Qc2 Nce4 19. Rbd1 Qe7 20. Bc1 Bd7 21. Nf4 Ng5 22. Qg2 Nxf3+ 23. Nxf3 Ne4 24. Bb2 Bc3 25. Bxc3 Nxc3 26. Rd3 Ne4 27. Rfd1 Be8 28. Qb2 Rxd3 29. Rxd3 g5 30. Ne2 Rd8 31. Rxd8 Qxd8 32. Nfd4 Qf6 33. Qc2 Bh5 34. Kg2 a6 35. c5 Qe5 36. b4 Bf7 37. a3 Bd5 38. Kf1 Qf6 39. Nc3 Nxc3 40. Qxc3 f4 41. Ne2 Qh6 42. Qe5 fxg3 43. Qxg3 Qf6+ 44. Ke1 Qa1+ 45. Kf2 Qf6+ 46. Ke1 Kg7 47. Nd4 Bc4 48. Qf2 Kg6 49. Qxf6+ Kxf6 50. Kf2 Ke5 51. Ke1 Ke4 52. Kd2 h5 53. Ne2 h4 54. Nd4 g4 55. Ne2 g3 56. h3 Kf3 57. Nf4 g2 0-1

[Event "Pinneberg-ch"]
[Site "Pinneberg"]
[Date "2015.08.28"]
[Round "1"]
[White "Oelrichs, Manfred"]
[Black "Fluegge, Jan"]
[Result "1-0"]
[WhiteElo "1553"]
[BlackElo "750"]
[PlyCount "71"]
[EventDate "2015.08.28"]
[EventType "swiss"]
[EventRounds "7"]
[EventCountry "GER"]
[SourceTitle "EXT 2017"]
[Source "ChessBase"]
[SourceDate "2016.10.25"]
[SourceVersion "1"]
[SourceVersionDate "2016.10.25"]
[SourceQuality "1"]

1. c4 e5 2. g3 b6 3. Bg2 c6 4. Nc3 Nf6 5. d4 d6 6. Bg5 b5 7. dxe5 dxe5 8. Qxd8+ Kxd8 9. cxb5 cxb5 10. Bxa8 h6 11. Be3 b4 12. Nb5 Ba6 13. Rd1+ Nbd7 14. Nxa7 Be7 15. Bb6+ Ke8 16. Bc6 Bd8 17. Bxd8 Kxd8 18. Nf3 Re8 19. Bb5 Bb7 20. 0-0 e4 21. Nd4 Kc7 22. Nf5 Re5 23. Nd6 Ba8 24. Nxf7 e3 25. Nxe5 Nxe5 26. Bd3 Ne4 27. f3 Nf2 28. Nb5+ Kb6 29. Rxf2 exf2+ 30. Kxf2 g5 31. Nd6 g4 32. Nc4+ Nxc4 33. Bxc4 h5 34. Bd5 Bxd5 35. Rxd5 gxf3 36. exf3 1-0

[Event "Pinneberg op Seniors 15th"]
[Site "Pinneberg"]
[Date "2014.??.??"]
[Round "3"]
[White "Albers, Friedemann"]
[Black "Oelrichs, Manfred"]
[Result "1/2-1/2"]
[WhiteElo "1686"]
[BlackElo "1552"]
[PlyCount "109"]
[EventDate "2014.07.03"]
[EventType "swiss"]
[EventRounds "7"]
[EventCountry "GER"]
[SourceTitle "EXT 2017"]
[Source "ChessBase"]
[SourceDate "2016.10.25"]
[SourceVersion "1"]
[SourceVersionDate "2016.10.25"]
[SourceQuality "1"]

1. d4 g6 2. Nf3 f5 3. c4 Nf6 4. Nc3 Bg7 5. g3 c6 6. Bg2 d6 7. 0-0 0-0 8. Qc2 Qe8 9. d5 cxd5 10. cxd5 Na6 11. a3 Nc7 12. Rd1 b6 13. b4 Bb7 14. Qb3 Rc8 15. Bb2 h6 16. Rd2 Qf7 17. Rad1 Ne4 18. Rd3 Ba6 19. Re3 Nxc3 20. Rxc3 Kh7 21. Rc2 Bxb2 22. Rxb2 Bb7 23. Rbd2 Nb5 24. Rd3 Qf6 25. Nd4 Nxd4 26. Rxd4 Rc7 27. Rc4 Rfc8 28. Rdc1 Rxc4 29. Rxc4 Qa1+ 30. Bf1 Bxd5 31. Rc1 Qxc1 32. Qxd5 Qc4 33. Qb7 Rc7 34. Qb8 e5 35. e3 Qf7 36. Qd8 d5 37. Qd6 Qe7 38. Qxd5 Rd7 39. Qb5 h5 40. Qc6 Kh6 41. Bb5 Rd1+ 42. Kg2 Qd6 43. Qe8 Qf6 44. Qb8 Qg7 45. Qe8 e4 46. Qb8 Ra1 47. a4 Rb1 48. Qf4+ Kh7 49. Qd6 Rc1 50. a5 bxa5 51. bxa5 Rc7 52. a6 Qe7 53. Qd4 Qc5 54. Qd8 Rg7 55. Bf1 1/2-1/2

[Event "Pinneberg op Seniors 15th"]
[Site "Pinneberg"]
[Date "2014.??.??"]
[Round "2"]
[White "Oelrichs, Manfred"]
[Black "Dangelowski, Peter"]
[Result "1/2-1/2"]
[WhiteElo "1552"]
[BlackElo "1703"]
[PlyCount "97"]
[EventDate "2014.07.03"]
[EventType "swiss"]
[EventRounds "7"]
[EventCountry "GER"]
[SourceTitle "EXT 2017"]
[Source "ChessBase"]
[SourceDate "2016.10.25"]
[SourceVersion "1"]
[SourceVersionDate "2016.10.25"]
[SourceQuality "1"]

1. c4 e5 2. Nc3 Nf6 3. g3 d6 4. Bg2 c6 5. e3 Be6 6. b3 d5 7. cxd5 cxd5 8. Nge2 Nc6 9. 0-0 Be7 10. d4 e4 11. a3 h5 12. Nf4 Bf5 13. h4 Qd7 14. b4 a6 15. Qb3 Be6 16. Na4 Qc7 17. Nxe6 fxe6 18. Nc5 Bxc5 19. bxc5 Na5 20. Qa4+ Ke7 21. Rd1 Nc4 22. Rb1 Rab8 23. Bf1 Na5 24. Bd2 Nc6 25. Rb2 Rhg8 26. Be1 g5 27. hxg5 Rxg5 28. Qc2 h4 29. Qe2 hxg3 30. fxg3 Rh8 31. Bg2 Nh5 32. Rdb1 Nd8 33. Qf1 Rf8 34. Qe2 Nxg3 35. Bxg3 Rxg3 36. Qh5 Rfg8 37. Qe5 Qxe5 38. dxe5 Ke8 39. Re2 R8g7 40. Kh2 Nc6 41. Rb3 R3g6 42. Bh3 Rh6 43. Rg2 Rxg2+ 44. Kxg2 Nd8 45. a4 Ke7 46. a5 Ke8 47. Kg3 Kd7 48. Rb6 Nc6 49. Kg2 1/2-1/2

[Event "Pinneberg-ch"]
[Site "Pinneberg"]
[Date "2014.??.??"]
[Round "7"]
[White "Oelrichs, Manfred"]
[Black "Hadlich, Winfried"]
[Result "1-0"]
[WhiteElo "1560"]
[BlackElo "1784"]
[PlyCount "43"]
[EventDate "2014.08.21"]
[EventType "swiss"]
[EventRounds "7"]
[EventCountry "GER"]
[SourceTitle "EXT 2017"]
[Source "ChessBase"]
[SourceDate "2016.10.25"]
[SourceVersion "1"]
[SourceVersionDate "2016.10.25"]
[SourceQuality "1"]

1. c4 c5 2. Nc3 Nc6 3. g3 b6 4. Bg2 Bb7 5. d3 e6 6. Bf4 g5 7. Bd2 g4 8. Bf4 e5 9. Bd2 Na5 10. e4 h5 11. h4 Bh6 12. Nge2 Nc6 13. Nd5 Nce7 14. Bxh6 Nxd5 15. Bg7 Rh7 16. Bxe5 Qe7 17. exd5 Qxe5 18. Qd2 0-0-0 19. 0-0-0 f5 20. Rhe1 Qh8 21. Nf4 Re7 22. Ng6 1-0

[Event "Pinneberg-ch"]
[Site "Pinneberg"]
[Date "2013.08.29"]
[Round "4"]
[White "Atri, Jamshid"]
[Black "Oelrichs, Manfred"]
[Result "1-0"]
[WhiteElo "2046"]
[BlackElo "1663"]
[PlyCount "59"]
[EventDate "2013.08.08"]
[EventType "swiss"]
[EventRounds "7"]
[EventCountry "GER"]
[SourceTitle "EXT 2017"]
[Source "ChessBase"]
[SourceDate "2016.10.25"]
[SourceVersion "1"]
[SourceVersionDate "2016.10.25"]
[SourceQuality "1"]

1. e4 g6 2. d4 Nf6 3. Nc3 d5 4. e5 Nh5 5. f4 Nc6 6. Be3 Ng7 7. Nf3 Bg4 8. Bf2 Nf5 9. Be2 h5 10. h3 Bxf3 11. Bxf3 e6 12. g4 hxg4 13. hxg4 Rxh1+ 14. Bxh1 Nh4 15. Qd2 Be7 16. 0-0-0 g5 17. Bxh4 gxh4 18. g5 Kd7 19. Qh2 Qh8 20. Qh3 Ke8 21. Bf3 Qh7 22. a3 Bd8 23. Ne2 Ne7 24. Rh1 Ng6 25. Kb1 c6 26. f5 exf5 27. Qxf5 Qg8 28. Bh5 Nf8 29. e6 Ng6 30. exf7+ 1-0

[Event "Pinneberg op Seniors 14th"]
[Site "Pinneberg"]
[Date "2013.07.12"]
[Round "4"]
[White "Oelrichs, Manfred"]
[Black "Keuneke, Hanno"]
[Result "0-1"]
[WhiteElo "1494"]
[BlackElo "1713"]
[PlyCount "64"]
[EventDate "2013.06.20"]
[EventType "swiss"]
[EventRounds "7"]
[EventCountry "GER"]
[SourceTitle "EXT 2017"]
[Source "ChessBase"]
[SourceDate "2016.10.25"]
[SourceVersion "1"]
[SourceVersionDate "2016.10.25"]
[SourceQuality "1"]

1. c4 Nf6 2. Nc3 g6 3. g3 Bg7 4. Bg2 0-0 5. e3 c5 6. Nge2 Nc6 7. 0-0 b6 8. a3 Rb8 9. d3 Bb7 10. Nd5 e6 11. Nxf6+ Qxf6 12. Rb1 Ne5 13. Bxb7 Rxb7 14. f4 Nc6 15. b4 cxb4 16. Bb2 Qe7 17. Bxg7 Kxg7 18. axb4 Nxb4 19. Qd2 a5 20. d4 Rc8 21. Rfc1 Rbc7 22. c5 bxc5 23. dxc5 Rxc5 24. Rxc5 Rxc5 25. Nd4 e5 26. fxe5 Rxe5 27. Re1 f6 28. Nf3 Rd5 29. Nd4 Qe4 30. Rd1 Nc2 31. Nf5+ Rxf5 32. Qxd7+ Kh6 0-1

[Event "Pinneberg-ch"]
[Site "Pinneberg"]
[Date "2012.09.27"]
[Round "7"]
[White "Schiller, Thomas"]
[Black "Oelrichs, Manfred"]
[Result "1-0"]
[WhiteElo "1727"]
[BlackElo "1645"]
[PlyCount "81"]
[EventDate "2012.08.16"]
[EventType "swiss"]
[EventRounds "7"]
[EventCountry "GER"]
[SourceTitle "EXT 2013"]
[Source "ChessBase"]
[SourceDate "2012.11.22"]
[SourceVersion "1"]
[SourceVersionDate "2012.11.22"]
[SourceQuality "1"]

1. e4 g6 2. d4 Nf6 3. Nc3 d5 4. e5 Nh5 5. Be2 Ng7 6. Nf3 Nc6 7. 0-0 Bf5 8. a3 h5 9. Na2 e6 10. c3 Be7 11. Nb4 Nxb4 12. axb4 c6 13. Bf4 g5 14. Be3 g4 15. Ne1 Bg5 16. Qd2 Bxe3 17. Qxe3 a6 18. Nd3 Bxd3 19. Bxd3 f5 20. exf6 Qxf6 21. b5 cxb5 22. Bxb5+ Ke7 23. Bd3 Raf8 24. Ra5 Qf4 25. Qe1 Kd7 26. Qd1 Qd6 27. b4 Qc7 28. Qa4+ Ke7 29. Rc5 Qb8 30. b5 b6 31. Rc6 a5 32. c4 dxc4 33. Bxc4 Rf6 34. Qa3+ Kf7 35. d5 exd5 36. Bxd5+ Kg6 37. Be4+ Nf5 38. Bxf5+ Kxf5 39. Qd3+ Kg5 40. f4+ gxf3 41. h4+ 1-0

[Event "Pinneberg op Seniors 13th"]
[Site "Pinneberg"]
[Date "2012.07.19"]
[Round "5"]
[White "Oelrichs, Manfred"]
[Black "Raedisch, Peter"]
[Result "0-1"]
[WhiteElo "1535"]
[BlackElo "1577"]
[PlyCount "66"]
[EventDate "2012.06.21"]
[EventType "swiss"]
[EventRounds "7"]
[EventCountry "GER"]
[SourceTitle "EXT 2013"]
[Source "ChessBase"]
[SourceDate "2012.11.22"]
[SourceVersion "1"]
[SourceVersionDate "2012.11.22"]
[SourceQuality "1"]

1. Nf3 Nc6 2. c4 e5 3. d3 Bc5 4. Nc3 a6 5. g3 f5 6. Bg2 Nf6 7. a3 d6 8. Bg5 0-0 9. Nd5 e4 10. Nxf6+ gxf6 11. Bh6 exf3 12. Bxf3 Re8 13. e3 Qe7 14. Bh5 Rd8 15. Kd2 Ne5 16. g4 fxg4 17. Bxg4 Nxg4 18. Rg1 Kh8 19. Bf4 Rg8 20. Qe2 Bd7 21. h3 Ne5 22. d4 Rxg1 23. Rxg1 Bb6 24. dxe5 dxe5 25. Bg3 Rd8 26. Kc3 Bf5 27. e4 Bg6 28. h4 Qd7 29. Re1 c5 30. h5 Bxh5 31. Qxh5 Qd2+ 32. Kb3 Qxe1 33. Bxe5 Qd1+ 0-1

[Event "Pinneberg op Seniors 13th"]
[Site "Pinneberg"]
[Date "2012.06.28"]
[Round "2"]
[White "Oelrichs, Manfred"]
[Black "Brueckner, Gerhard"]
[Result "0-1"]
[WhiteElo "1535"]
[BlackElo "1729"]
[PlyCount "62"]
[EventDate "2012.06.21"]
[EventType "swiss"]
[EventRounds "7"]
[EventCountry "GER"]
[SourceTitle "EXT 2013"]
[Source "ChessBase"]
[SourceDate "2012.11.22"]
[SourceVersion "1"]
[SourceVersionDate "2012.11.22"]
[SourceQuality "1"]

1. Nf3 d6 2. d4 e6 3. g3 Ne7 4. Bg2 Nd7 5. 0-0 Ng6 6. Bg5 f6 7. Bd2 Be7 8. c4 0-0 9. Qb3 Nb6 10. Ba5 Bd7 11. Bxb6 axb6 12. Nc3 Kh8 13. Nd2 Rb8 14. a4 f5 15. e3 Bf6 16. a5 bxa5 17. Rxa5 c5 18. Ra7 cxd4 19. exd4 Bxd4 20. Rxb7 Rc8 21. Ne2 Bc5 22. Ra1 e5 23. Qa2 f4 24. Bf3 fxg3 25. hxg3 Bc6 26. Rb3 e4 27. Bxe4 Rxf2 28. Bxc6 Rxe2+ 29. Kh1 Rxc6 30. Qa8 Rc8 31. Qd5 Qd7 0-1